Tous les jeux Pokémon Donjon Mystère - Statistiques

Statistiques générales
  • Ce quiz a été pris 29 fois
  • Le résultat moyen est 6 sur 8
Statistiques - réponses
Jeux Pokémon Donjon Mystère % Correct
Pokémon Donjon Mystère: Equipe de Secours Rouge
92%
Pokémon Donjon Mystère: Equipe de Secours Bleue
88%
Pokémon Méga Donjon Mystère
80%
Pokémon Donjon Mystère: Explorateurs du Temps
76%
Pokémon Donjon Mystère: Explorateurs du Ciel
72%
Pokémon Donjon Mystère: Equipe de Secours DX
68%
Pokémon Donjon Mystère: Explorateurs de l'Ombre
64%
Pokémon Donjon Mystère: Les portes de l'infini
56%
Aucun quiz correspondant
Distribution des résultats
% des personnes avec chaque résultat
Percentile par nombre de réponses
Votre historique - résultats
Vous n’avez pas pris ce quiz